Esbozo histórico del sistema de la condicionalidad. Los "servicios" del F.M.I.

में बचाया:
ग्रंथसूची विवरण
स्वरूप: मूलपाठ
प्रकाशित: s.l.: s.e.
टैग: टैग जोड़ें
कोई टैग नहीं, इस रिकॉर्ड को टैग करने वाले पहले व्यक्ति बनें!

MARC

LEADER 00000 a a2200000 04500
001 23962
003
040 |a CRAI/IIS  |c CRAI/IIS 
090 |a 169400  
245 |a Esbozo histórico del sistema de la condicionalidad. Los "servicios" del F.M.I.  
260 |a s.l.:   |b s.e.  
300 |a pp. 169-189  
999 |c 16103  |d 16103